|
|
|
|
| LEADER |
00000nam0a2200000 4500 |
| 001 |
334834 |
| 005 |
20231102004707.0 |
| 035 |
|
|
|a (RuTPU)RU\TPU\book\361132
|
| 090 |
|
|
|a 334834
|
| 100 |
|
|
|a 20170907d1956 k y0rusy50 ca
|
| 101 |
0 |
|
|a rus
|
| 102 |
|
|
|a RU
|
| 105 |
|
|
|a a z 001zy
|
| 200 |
1 |
|
|a О механизме действия ингибиторов коррозии железа в кислых растворах и о роли галоидных ионов в этом процессе
|e [оттиск]
|f З. А. Иофа
|g Московский государственный университет им. М. В. Ломоносова (МГУ)
|
| 210 |
|
|
|a Москва
|c Изд-во МГУ
|d 1956
|
| 215 |
|
|
|a 13 с.
|c ил.
|
| 225 |
1 |
|
|a Вестник Московского университета
|v № 2, 1956
|
| 320 |
|
|
|a Библиогр. в конце ст.
|
| 606 |
1 |
|
|a Железо
|x Коррозия
|2 stltpush
|3 (RuTPU)RU\TPU\subj\10576
|9 37627
|
| 610 |
1 |
|
|a ингибиторы
|
| 610 |
1 |
|
|a кислые растворы
|
| 610 |
1 |
|
|a галоидные ионы
|
| 610 |
1 |
|
|a формулы
|
| 610 |
1 |
|
|a реакции
|
| 610 |
1 |
|
|a кривые
|
| 610 |
1 |
|
|a оттиски
|
| 610 |
1 |
|
|a библиотека А. Г. Стромберга
|
| 675 |
|
|
|a 669.11
|v 4
|
| 700 |
|
1 |
|a Иофа
|b З. А.
|
| 712 |
0 |
2 |
|a Московский государственный университет им. М. В. Ломоносова (МГУ)
|2 stltpush
|3 (RuTPU)RU\TPU\col\7
|
| 801 |
|
1 |
|a RU
|b 63413507
|c 20170907
|
| 801 |
|
2 |
|a RU
|b 63413507
|c 20171211
|g RCR
|
| 942 |
|
|
|c BK
|